<?xml version="1.0" encoding="UTF-8"?>
<record
    xmlns:xsi="http://www.w3.org/2001/XMLSchema-instance"
    xsi:schemaLocation="http://www.loc.gov/MARC21/slim http://www.loc.gov/standards/marcxml/schema/MARC21slim.xsd"
    xmlns="http://www.loc.gov/MARC21/slim">

  <leader>01446nam a22001577a 4500</leader>
  <controlfield tag="008">120907t        xxu||||| |||| 00| 0 eng d</controlfield>
  <datafield tag="020" ind1=" " ind2=" ">
    <subfield code="a">0844732257</subfield>
  </datafield>
  <datafield tag="050" ind1=" " ind2=" ">
    <subfield code="a">HF5657.B79</subfield>
  </datafield>
  <datafield tag="100" ind1=" " ind2=" ">
    <subfield code="a">Burns, Joseph M.</subfield>
  </datafield>
  <datafield tag="245" ind1=" " ind2=" ">
    <subfield code="a">Accounting standards and international finance with special reference to multinationals. /</subfield>
    <subfield code="c">Joseph M. Burns</subfield>
  </datafield>
  <datafield tag="260" ind1=" " ind2=" ">
    <subfield code="a">Washington DC:</subfield>
    <subfield code="b">American Enterprise Institute for Public Policy Reseach,</subfield>
    <subfield code="c">c1976.</subfield>
  </datafield>
  <datafield tag="300" ind1=" " ind2=" ">
    <subfield code="a">59 p.:</subfield>
    <subfield code="c">23cm.</subfield>
  </datafield>
  <datafield tag="505" ind1=" " ind2=" ">
    <subfield code="a">Contents: Introduction -- The New accounting standards for multinationals: Factors prompting the new standards -- The FASB's most controversial decisions -- The Rationale for the translation method adopted -- Economic analysis of accounting standards: Discrepancy between accounting data and economic values-nature and significance -- Discrepancy between accounting data and economic values-the new standards -- Adjustment costs induced by discrepancy between accounting data and economic values -- Economic effects of new accounting standards -- International finance and the new accounting standards: Cost of exposure and cost of hedging -- Hedging under fixed and floating rates -- Uncertainty(initial and residual) under fixed and floating rate systems -- Implications of new accounting standards for multinationals -- Implications for government policy -- Concluding observations -- Appendix: Suggestions for empirical research.</subfield>
  </datafield>
  <datafield tag="650" ind1=" " ind2=" ">
    <subfield code="b">Accounting.</subfield>
  </datafield>
  <datafield tag="942" ind1=" " ind2=" ">
    <subfield code="2">lcc</subfield>
    <subfield code="c">BK</subfield>
  </datafield>
  <datafield tag="999" ind1=" " ind2=" ">
    <subfield code="c">2310</subfield>
    <subfield code="d">9810</subfield>
  </datafield>
  <datafield tag="952" ind1=" " ind2=" ">
    <subfield code="0">0</subfield>
    <subfield code="1">0</subfield>
    <subfield code="2">lcc</subfield>
    <subfield code="4">0</subfield>
    <subfield code="7">0</subfield>
    <subfield code="a">WIUC-1</subfield>
    <subfield code="b">WIUC-1</subfield>
    <subfield code="c">GEN</subfield>
    <subfield code="d">2012-09-07</subfield>
    <subfield code="l">0</subfield>
    <subfield code="o">HF5657.B79</subfield>
    <subfield code="p">3558/12</subfield>
    <subfield code="r">2012-09-07 00:00:00</subfield>
    <subfield code="w">2012-09-07</subfield>
    <subfield code="y">BK</subfield>
  </datafield>
</record>
